000 00354cam a22001217a 4500
008 180718b1966 xxu||||| |||| 00| 0 eng d
082 _aTOOO R812e
100 _aRoy, Ajit
245 _aEconomics and politics of U.S. foreign aid
_cby Ajit Roy
260 _aCalcutta
_bNational
_c1966
300 _axiv,76p.
650 _aEconomic assistance, American --India
999 _c430224
_d430224